000 00723nam a2200253 a 4500
001 80125
003 BD-RjUL
005 20220726162633.0
008 220726r20201982ii abf b 001 0 eng
020 _a9788125007029
035 _a(BD-RjUL)80125
040 _aDLC
_cDLC
_dBD-RjUL
_beng
041 _aeng
082 0 0 _223
_a709
_bTOH 2020
100 1 _aTömöry, Edith.
_94142
245 1 2 _aA history of fine arts in India and the West /
_cby Edith Tömöry.
260 _aNoida ;
_aHyderabad:
_bOrient Longman,
_cc1982 [reprint2020]
300 _axx, 532 p.:
_bill.;
_c25 cm.
500 _aIncludes index.
504 _aBibliography: p. [505]-508.
650 0 _aArt, Indic.
_94143
650 0 _aArt.
942 _2ddc
_cBK
999 _c80125
_d80125